Global History with Chinese Characteristics (Запис № 463989)

МАРК-запис
000 -LEADER
fixed length control field 04667nam a22006855i 4500
001 - CONTROL NUMBER
control field 978-981-15-7865-6
003 - CONTROL NUMBER IDENTIFIER
control field DE-He213
005 - DATE AND TIME OF LATEST TRANSACTION
control field 20260304124417.0
007 - PHYSICAL DESCRIPTION FIXED FIELD--GENERAL INFORMATION
fixed length control field cr nn 008mamaa
008 - FIXED-LENGTH DATA ELEMENTS--GENERAL INFORMATION
fixed length control field 201102s2021 si | s |||| 0|eng d
020 ## - INTERNATIONAL STANDARD BOOK NUMBER
International Standard Book Number 9789811578656
-- 978-981-15-7865-6
024 7# - OTHER STANDARD IDENTIFIER
Standard number or code 10.1007/978-981-15-7865-6
Source of number or code doi
050 #4 - LIBRARY OF CONGRESS CALL NUMBER
Classification number DS701-799.9
072 #7 - SUBJECT CATEGORY CODE
Subject category code HBJF
Source bicssc
072 #7 - SUBJECT CATEGORY CODE
Subject category code 1FPC
Source bicssc
072 #7 - SUBJECT CATEGORY CODE
Subject category code HIS008000
Source bisacsh
072 #7 - SUBJECT CATEGORY CODE
Subject category code NHF
Subject category code subdivision 1FPC
Source thema
082 04 - DEWEY DECIMAL CLASSIFICATION NUMBER
Classification number 951
Edition number 23
100 1# - MAIN ENTRY--PERSONAL NAME
Personal name Perez-Garcia, Manuel.
Relator term author.
-- (orcid)0000-0003-4520-3760
-- https://orcid.org/0000-0003-4520-3760
Relator code aut
-- http://id.loc.gov/vocabulary/relators/aut
9 (RLIN) 23749
245 10 - TITLE STATEMENT
Title Global History with Chinese Characteristics
Medium [electronic resource] :
Remainder of title Autocratic States along the Silk Road in the Decline of the Spanish and Qing Empires 1680-1796 /
Statement of responsibility, etc by Manuel Perez-Garcia.
250 ## - EDITION STATEMENT
Edition statement 1st ed. 2021.
264 #1 -
-- Singapore :
-- Springer Nature Singapore :
-- Imprint: Palgrave Macmillan,
-- 2021.
300 ## - PHYSICAL DESCRIPTION
Extent XXXV, 244 p. 35 illus., 15 illus. in color.
Other physical details online resource.
336 ## -
-- text
-- txt
-- rdacontent
337 ## -
-- computer
-- c
-- rdamedia
338 ## -
-- online resource
-- cr
-- rdacarrier
341 0# -
-- Table of contents navigation
-- onix
341 0# -
-- Single logical reading order
-- onix
341 0# -
-- Short alternative textual descriptions
-- onix
341 0# -
-- Use of color is not sole means of conveying information
-- onix
341 0# -
-- Use of high contrast between text and background color
-- onix
341 0# -
-- Next / Previous structural navigation
-- onix
341 0# -
-- All non-decorative content supports reading without sight
-- onix
347 ## -
-- text file
-- PDF
-- rda
490 1# - SERIES STATEMENT
Series statement Palgrave Studies in Comparative Global History,
Міжнародний стандартний серійний номер для назви серії (ISSN) 2662-7973
505 0# - FORMATTED CONTENTS NOTE
Formatted contents note Introduction: The Implementation of the New Global History in China -- The “Global History Paradox” in China: Sinocentred Approaches along the Silk Road -- The Mandate of Heaven, the Rule of the Emperor: Self-sufficiency of the Middle-Kingdom -- Silver, Rogues, and Trade Networks: Sangleyes and Manila Galleons connecting the Spanish Empire and Qing China -- Conclusions.
506 0# - RESTRICTIONS ON ACCESS NOTE
Terms governing access Open Access
520 ## - SUMMARY, ETC.
Summary, etc This open access book examines perceptions and dialogues between China and Europe by analysing strategic geopolitical sites which fostered commerce, consumption and socioeconomic networks between China and Europe through a particular case study: Macau, connecting with South China, and Marseille in Mediterranean Europe from 1680 to 1800. How did foreign merchant networks and trans‐national communities of Macau and Marseille operate during the eighteenth century and contribute to somehow transfer respectively European and Chinese socio‐cultural habits and forms in local population? What was the degree and channels of consumption of European goods in China and Chinese goods in Europe? Through these questions the book explores the bilateral Sino‐European trade relations and considers how the trans‐national dimension of exotic commodities changed tastes by creating a new type of global consumerism.
532 8# -
-- Accessibility summary: This PDF does not fully comply with PDF/UA standards, but does feature limited screen reader support, described non-text content (images, graphs), bookmarks for easy navigation and searchable, selectable text. Users of assistive technologies may experience difficulty navigating or interpreting content in this document. We recognize the importance of accessibility, and we welcome queries about accessibility for any of our products. If you have a question or an access need, please get in touch with us at accessibilitysupport@springernature.com.
532 8# -
-- No reading system accessibility options actively disabled
532 8# -
-- Publisher contact for further accessibility information: accessibilitysupport@springernature.com
650 #0 - SUBJECT ADDED ENTRY--TOPICAL TERM
Topical term or geographic name as entry element China
General subdivision History.
650 #0 - SUBJECT ADDED ENTRY--TOPICAL TERM
Topical term or geographic name as entry element Europe
General subdivision History
-- 1492-.
9 (RLIN) 204
650 #0 - SUBJECT ADDED ENTRY--TOPICAL TERM
Topical term or geographic name as entry element Economic history.
650 14 - SUBJECT ADDED ENTRY--TOPICAL TERM
Topical term or geographic name as entry element History of China.
650 24 - SUBJECT ADDED ENTRY--TOPICAL TERM
Topical term or geographic name as entry element History of Early Modern Europe.
9 (RLIN) 209
650 24 - SUBJECT ADDED ENTRY--TOPICAL TERM
Topical term or geographic name as entry element Economic History.
710 2# - ADDED ENTRY--CORPORATE NAME
Corporate name or jurisdiction name as entry element SpringerLink (Online service)
773 0# - HOST ITEM ENTRY
Title Springer Nature eBook
776 08 - ADDITIONAL PHYSICAL FORM ENTRY
Display text Printed edition:
International Standard Book Number 9789811578649
776 08 - ADDITIONAL PHYSICAL FORM ENTRY
Display text Printed edition:
International Standard Book Number 9789811578663
776 08 - ADDITIONAL PHYSICAL FORM ENTRY
Display text Printed edition:
International Standard Book Number 9789811578670
830 #0 - SERIES ADDED ENTRY--UNIFORM TITLE
Uniform title Palgrave Studies in Comparative Global History,
-- 2662-7973
9 (RLIN) 14200
856 40 - ELECTRONIC LOCATION AND ACCESS
Uniform Resource Identifier <a href="https://doi.org/10.1007/978-981-15-7865-6">https://doi.org/10.1007/978-981-15-7865-6</a>
912 ## -
-- ZDB-2-HTY
912 ## -
-- ZDB-2-SXH
912 ## -
-- ZDB-2-SOB

Немає доступних примірників.